Haltbarmachung von Schlachttierblut und seiner Bestandtelle unter Anwendung des Hürdenprinzips /

Bibliographic Details
Main Author: Müffling, Theda Freiin v.
Format: Thesis Book
Language:German
Language Notes:Summary in English.
Published: Hannover : [publisher not identified], 1999.

MARC

Tag First Indicator Second Indicator Subfields
LEADER 00000cam a2200000Ka 4500
001 in00004530295
005 20191205081652.0
008 000403s1999 gw a bm 000 0 ger
035 |a (OCoLC)ocm43762902 
035 |a (OCoLC)43762902 
035 |z (UtOrBLW)61908 
035 |a 89035 
040 |a AGL  |b eng  |c AGL  |d OCLCQ  |d UtOrBLW 
041 0 |a ger  |b eng 
049 |a TMVM 
072 0 |a L600 
100 1 |a Müffling, Theda Freiin v. 
242 0 4 |a The preservation of slaughter blood and its components applying to hurdle technology.  |y eng 
245 1 0 |a Haltbarmachung von Schlachttierblut und seiner Bestandtelle unter Anwendung des Hürdenprinzips /  |c vorgelegt von Theda Freiin v. Müffling. 
264 1 |a Hannover :  |b [publisher not identified],  |c 1999. 
300 |a 193 pages :  |b illustrations ;  |c 21 cm. 
336 |a text  |2 rdacontent  |b txt 
337 |a unmediated  |2 rdamedia 
338 |a volume  |2 rdacarrier  |b nc 
546 |a Summary in English. 
502 |b doctoral  |c Tierärztliche Hochschule Hannover  |d 1999. 
504 |a Includes bibliographical references (pages 158-174). 
999 |a MARS 
999 f f |s a2b995fe-5b98-3079-9eae-d3b6c078b51a  |i d601ea6d-d6ae-3eec-be0a-103430011036  |t 0 
952 f f |p preservation  |a Texas A&M University  |b J.J. Pickle Campus  |c High Density Repository  |d Remote Storage  |t 0  |e German dissertations  |h Other scheme  |i unmediated -- volume  |m 3238902443601 
998 f f |a German dissertations  |t 0  |l Remote Storage